Fuṣūṣ al-ḥikam /

محفوظ في:

المؤلف الرئيسي: Ibn al-ʻArabī, 1165-1240 (مؤلف)

مؤلف مشترك: Jamāʻat Iḥyāʼ al-Falsafah.

مؤلفون آخرون: ʻAfīfī, Abū al-ʻIlā.

التنسيق: كتاب

اللغة: Arabic

منشور في: [Cairo] : Dār Iḥyāʼ al-Kutub al-ʻArabīyah, 1946.

الموضوعات:

الوسوم: إضافة وسم

لا توجد وسوم, كن أول من يضع وسما على هذه التسجيلة!

رقم الطلب: BP189.26 .I25 1946

LEADER 01213nam a2200253Ia 4500
003 OSt
005 20230131071018.0
008 130303s1946 ua 000 0 ara d
952 |0 0  |1 0  |2 lcc  |4 0  |6 BP018926 I25 01946  |7 1  |9 45430  |a ARCE  |b ARCE  |d 2023-01-31  |l 0  |o BP189.26 .I25 1946  |p 1025546  |r 2023-01-31 00:00:00  |w 2023-01-31  |y BK 
999 |c 28418  |d 28418 
040 |c ARCE Library 
050 4 |a BP189.26 .I25 1946 
100 1 |6 880-01  |a Ibn al-ʻArabī,   |d 1165-1240,  |e author 
245 1 0 |6 880-02  |a Fuṣūṣ al-ḥikam /   |c li-Muḥyī al-Dīn ibn ʻArabī ; wa-al-taʻlīqāt ʻalayhi bi-qalam Abū al-ʻIlā ʻAfīfī. 
264 1 |a [Cairo] :   |b Dār Iḥyāʼ al-Kutub al-ʻArabīyah,   |c 1946. 
300 |a 228, 274 [i.e. 374] p. ;   |c 25 cm. 
500 |a At head of title: Jamāʻat Iḥyāʼ al-Falsafah. 
650 0 |a Sufism  |v Early works to 1800. 
700 0 |a ʻAfīfī, Abū al-ʻIlā. 
710 2 |a Jamāʻat Iḥyāʼ al-Falsafah. 
880 1 |6 100-01/(3/r  |a ابن العربي,‪‪‪‪‪‪‪‪‪‪‪  |d 1165-1240. 
880 1 0 |6 245-02/(3/r  |a فصوص الحكم   |c  لمحيي الدين بن عربي ؛ والتعليقات عليه بقلم أبو العلا عفيفي. 
901 |a reviewed 
942 |c BK  |2 lcc